Για την ελληνική πόλη : μεταπολεμική πορεία και μελλοντικές προοπτικές

Αποθηκεύτηκε σε:
Λεπτομέρειες βιβλιογραφικής εγγραφής
Κύριος συγγραφέας: Φιλιππίδης, Δημήτρης, 1938-
Μορφή: Βιβλίο
Γλώσσα:Greek
Δημοσίευση: Αθήνα : Θεμέλιο, c1990.
Θέματα:
Ετικέτες: Προσθήκη ετικέτας
Δεν υπάρχουν, Καταχωρήστε ετικέτα πρώτοι!

MARC

LEADER 00000cam a2200000 i 4500
001 1/6420
008 970409s1990 gr | ||| |||| ||gre||
020 |a 9607293126 
035 |l 10016347 
040 |a GR-MyUa  |b gre  |e AACR2 
041 0 |a gre 
082 7 |a 307.7609495   |2 (22) 
100 1 |a Φιλιππίδης, Δημήτρης,   |d 1938- 
245 1 0 |a Για την ελληνική πόλη :   |b μεταπολεμική πορεία και μελλοντικές προοπτικές /   |c Δημήτρης Φιλιππίδης. 
260 |a Αθήνα :   |b Θεμέλιο,   |c c1990. 
300 |a 307 σ. :   |b εικ. ;   |c 24 εκ. 
504 |a Περιλαμβάνει βιβλιογραφικές παραπομπές και ευρετήριο. 
650 0 |a City planning  |z Greece. 
852 |a INST  |b LESVOS  |e 19970409  |h 307.7609495 ΦΙΛ  |p 005100002640  |q 005100002640  |t BK  |y 0